Panorama del derecho romano/ (Registro nro. 7946)
[ vista simple ]
| 000 -LEADER | |
|---|---|
| fixed length control field | 00964nam a2200205Ia 4500 |
| 005 - FECHA Y HORA DE LA ÚLTIMA TRANSACCIÓN | |
| control field | 20230426171126.0 |
| 008 - FIXED-LENGTH DATA ELEMENTS--GENERAL INFORMATION | |
| fixed length control field | 230425s9999 xx 000 0 und d |
| 020 ## - INTERNATIONAL STANDARD BOOK NUMBER | |
| International Standard Book Number | 9789700775920 |
| 040 ## - CATALOGING SOURCE | |
| Original cataloging agency | UPAN |
| Transcribing agency | Biblioteca San Vicente |
| Description conventions | RCAA2 |
| 041 ## - LANGUAGE CODE | |
| Language code of text/sound track or separate title | spa |
| 082 ## - DEWEY DECIMAL CLASSIFICATION NUMBER | |
| Classification number | 340.54 |
| Item number | B576p |
| 100 ## - MAIN ENTRY--PERSONAL NAME | |
| Personal name | Bialostosky, Sara |
| Relator code | aut. |
| 245 #0 - TITLE STATEMENT | |
| Title | Panorama del derecho romano/ |
| Remainder of title | Sara Bialostosky |
| 250 ## - EDITION STATEMENT | |
| Edition statement | 9° ed. |
| 260 ## - PUBLICATION, DISTRIBUTION, ETC. (IMPRINT) | |
| Place of publication, distribution, etc | Mexico: |
| Name of publisher, distributor, etc | Porrúa, |
| Date of publication, distribution, etc | 2009 |
| 300 ## - PHYSICAL DESCRIPTION | |
| Extent | 302 p.: |
| Dimensions | 23 cm. |
| 505 ## - FORMATTED CONTENTS NOTE | |
| Formatted contents note | Capitulo I. Nociones preliminares<br/>Capitulo II. Periodizaciòn polìtica-jurìdica<br/>Capitulo III. Sujetos de Derecho<br/>Capitulo IV. La Familia<br/>Capitulo V. Defensa de los derechos y el Proceso Civil Romano<br/>Capitulo VI. Derechos Reaes<br/>Capitulo VII. Obligaciones <br/>Capitulo VIII. Contratos <br/>Capitulo IX. Contratos innminados y pactos<br/>Capitulo X. Cuasicontratos<br/>Capitulo XI. Delitos y Cuasidelitos <br/>Capitulo XII. Sucesiones<br/> |
| 650 ## - SUBJECT ADDED ENTRY--TOPICAL TERM | |
| Source of heading or term | LEMB |
| Topical term or geographic name as entry element | Derecho |
| 942 ## - ADDED ENTRY ELEMENTS (KOHA) | |
| Koha item type | Libros |
| Source of classification or shelving scheme | Dewey Decimal Classification |
| Withdrawn status | Lost status | Source of classification or shelving scheme | Damaged status | Not for loan | Collection code | Home library | Current library | Date acquired | Total Checkouts | Full call number | Barcode | Date last seen | Price effective from | Koha item type |
|---|---|---|---|---|---|---|---|---|---|---|---|---|---|---|
| Dewey Decimal Classification | Colección General | Biblioteca UPAN San Vicente | Biblioteca UPAN San Vicente | 25/04/2023 | 340.54 B576p | 12002574 | 25/04/2023 | 25/04/2023 | Libros | |||||
| Dewey Decimal Classification | Colección General | Biblioteca UPAN San Vicente | Biblioteca UPAN San Vicente | 25/04/2023 | 340.54 B576p | 12003039 | 26/04/2023 | 25/04/2023 | Libros | |||||
| Dewey Decimal Classification | Colección General | Biblioteca UPAN San Vicente | Biblioteca UPAN San Vicente | 25/04/2023 | 340.54 B576p | 12003037 | 26/04/2023 | 25/04/2023 | Libros |